Nationale, clubs de la saison 2022-2023. - Statistiques

Statistiques générales
  • Ce quiz a été pris 87 fois
  • Le résultat moyen est 10 sur 14
Statistiques - réponses
Classement Nationale 2022 Clubs % Correct
16e (ProD2) RC Narbonne
94%
4e SC Albi
85%
6e Stade niçois
79%
5e SO Chambéry
76%
4e poule 1 (Fédérale 1) Rennes EC
74%
11e CS Bourgoin-Jallieu
68%
10e Stado Tarbes PR
68%
8e Blagnac rugby
68%
15e (ProD2) US bressane
68%
7e US Dax
65%
9e RC Suresnes
65%
3e Valence Romans DR
65%
1er poule 2 (Fédérale 1) RC Hyères Carqueiranne La Crau
59%
12e Union Cognac Saint-Jean-d'Angély
50%
Aucun quiz correspondant
Distribution des résultats
% des personnes avec chaque résultat
Percentile par nombre de réponses
Votre historique - résultats
Vous n’avez pas pris ce quiz